| 000 | 00670nam a22002057a 4500 | ||
|---|---|---|---|
| 003 | BUBTL | ||
| 008 | 230114b ||||| |||| 00| 0 eng d | ||
| 020 | _a9789849494553 | ||
| 082 | _a891.441/ K1231h/ 2021 | ||
| 100 |
_95167 _aKaiser, Reza |
||
| 245 |
_aHeartiest gratitude to you an Iconic human Bangabandhu / _cReza Kaiser |
||
| 250 | _a1st Edn. | ||
| 260 |
_aChittagong: _bBalaka Prokashon, _cc2021 |
||
| 300 |
_a104 p.: _c22 cm. |
||
| 505 | _aHeartiest gratitude to you an Iconic human Bangabandhu, Bangabandhu, Reza Kaiser | ||
| 650 | 0 |
_94372 _aBangabandhu |
|
| 856 |
_k0 _l0 _yDownload |
||
| 942 |
_2ddc _cBK |
||
| 999 |
_c6920 _d6920 |
||